Influence of six different language learning strategies on the language learning experience of a group of low beginners of english whose main motivation is to help their school children at home
De acuerdo con el resumen, el énfasis de este estudio consiste en explorar distintas estrategias de introducción, necesaria para un aprovechamiento del aprendizaje del idioma inglés.
Enregistré dans:
| Auteur principal: | |
|---|---|
| Format: | Livre |
| Langue: | Spanish |
| Publié: |
San José, Costa Rica
Universidad de Costa Rica, Facultad de letras, Escuela de Lenguas Modernas
2010
|
| Sujets: | |
| Tags: |
Ajouter un tag
Pas de tags, Soyez le premier à ajouter un tag!
|
MARC
| LEADER | 00000nam a22000007a 4500 | ||
|---|---|---|---|
| 008 | 181030b xxu||||| |||| 00| 0 spa d | ||
| 040 | |a cru BVZT | ||
| 090 | |a TESIS 1028 | ||
| 100 | |a Sandí Bermúdez, Ivannia |9 2151 | ||
| 245 | |a Influence of six different language learning strategies on the language learning experience of a group of low beginners of english whose main motivation is to help their school children at home |c / Ivannia Sandí Bermúdez | ||
| 260 | |a San José, Costa Rica |b Universidad de Costa Rica, Facultad de letras, Escuela de Lenguas Modernas |c 2010 | ||
| 300 | |a 153 páginas | ||
| 520 | |a De acuerdo con el resumen, el énfasis de este estudio consiste en explorar distintas estrategias de introducción, necesaria para un aprovechamiento del aprendizaje del idioma inglés. | ||
| 650 | |a TRABAJO FINAL DE GRADUACIÓN |9 237 | ||
| 650 | |a LICENCIATURA EN LENGUA INGLESA |9 2152 | ||
| 650 | |a ESTRATEGIAS DE APRENDIZAJE |9 2315 | ||
| 650 | |a EXPERIENCIA DE APRENISAJE DE IDIOMAS |9 2025 | ||
| 650 | |a GRUPO DE PRINCIPIENTES, PADRES DE FAMILIA |9 2326 | ||
| 650 | |a ESTRATEGIA COGNITIVA |9 2395 | ||
| 650 | |a ESTRATEGIA DE MEMORIA |9 2396 | ||
| 650 | |a ESTRATEGIA SOCIAL |9 2397 | ||
| 650 | |a ESTRATEGIA COMUNICATIVA |9 2398 | ||
| 942 | |2 z |c TFG |i 1432TES |h TESIS 1028 |6 TESIS_1028_1432TES | ||
| 999 | |c 31099 |d 31099 | ||
